BROKOLİ SAVAŞLARI (Kayıt no. 1224131)

MARC ayrıntıları
000 -LEADER
sabit uzunluktaki kontrol alanı 00249nam a2200097Ia 4500
001 - KONTROL NUMARASI
kontrol alanı 1224131
005 - EN SON İŞLEMİN TARİH VE ZAMANI
kontrol alanı 20250827092920.0
008 - SABİT-UZUNLUKTA VERİ ÖĞELERİ--GENEL BİLGİ
sabit uzunluktaki kontrol alanı 250824s9999 xx 000 0 und d
245 #0 - ESER / YAZAR
ESER ADI BROKOLİ SAVAŞLARI
Yazar Adı AYÇA ATÇI
260 ## - YAYIN, DAĞITIM, VB.
YAYIN EVİ MARTI ÇOCUK YAYINLARI
Mevcut
Düşüm durumu Kayıp durumu Hasar Durumu Ödünç verilmez Ana kütüphane Geçerli Kütüphane Edinilen tarih Toplam ödünç verme sayısı Barkod Son görüntüleme tarihi Fiyatın geçerli olmaya başladığı tarih Koha materyal türü
        OSMANGAZİ İLKOKULU OSMANGAZİ İLKOKULU 24.08.2025   10386067 27.08.2025 27.08.2025 Kitaplar
Gemini Bilgi Teknolojileri A.Ş. tarafından düzenlenmiştir.